000 00517nam a2200205Ia 4500
003 0100
008 130307s9999 xx 000 0 und d
040 _cARRUPELIB
050 _aB765.A83P73 1978
245 _aSt. Anselm's proslogion
260 _aLondon
260 _bUniversity of notre Dame press
260 _c1979
300 _a196p.
300 _b22cm
650 _bSociology, Catholic--Congresses
650 _cCatholic church in Africa--Congresses
700 _aCharlesworth, M. J. tr
942 0 0 _02
999 _c93459
_d93459